| 000 | 00728nam a2200157Ia 4500 | ||
|---|---|---|---|
| 005 | 20260209120123.0 | ||
| 008 | 260209s9999||||xx |||||||||||||| ||und|| | ||
| 100 | _aSanthosh Raj Rai | ||
| 245 | 0 | _aCustodial violence | |
| 260 |
_aBangaloreBangalore _bNLSIU _c2006 |
||
| 300 | _a229 p. ; 25 cm. | ||
| 505 | _aCONTENTS; LIST OF CASES; I. INTRODUCTION 1 II. PRE-CONSTITUTIONAL LEGAL REGIME; III. POST-CONSTITUTIONAL LEGAL REGIME; IV. CURRENT PRACTICES; V. CONCLUSION AND SUGGESTIONS; APPENDIX I; APPENDIX II; SELECT BIBLIOGRAPHY; | ||
| 650 | _a Custodial Violence - Pre & Post-Constitutional Legal Regime | ||
| 700 | _aProf. T Devidas - GuideProf. T Devidas - Guide | ||
| 856 | _uhttps://dans.nls.ac.in/handle/123456789/1349 | ||
| 999 |
_c216779 _d216779 |
||